00577cam a2200157 a 450000100100000000500170001000800410002704000220006808200220009024501130011226000870022530000210031265000240033365000260035770000360038300000258820200929150223.0931209s1979 pn 000 p spa d aDO-SdBNPcKUdDLC aPa861.4408bA542l00aAncón liberado :bversos de lucha y protesta : antología poética /ceditor, Moisés Torrijos Herrera. aPanamá :b[s.n.],c1979fTalleres Gráficos del Centro de Impresión Educativa a240 p. ;c19 cm. 4aPoesía panameña 4aLiteratura panameña1 aTorrijos Herrera, Moiséseed.